Sports man / (Record no. 11370)
[ view plain ]
| 000 -LEADER | |
|---|---|
| fixed length control field | 00410cam a2200169ua 4500 |
| 041 ## - LANGUAGE CODE | |
| Language code of text/sound track or separate title | mal |
| 082 ## - DEWEY DECIMAL CLASSIFICATION NUMBER | |
| Classification number | 894.812301 |
| Item number | MUH/SP |
| 100 ## - MAIN ENTRY--AUTHOR NAME | |
| Personal name | Muhammed Koya, P.A . |
| 245 ## - TITLE STATEMENT | |
| Title | Sports man / |
| 260 ## - PUBLICATION, DISTRIBUTION, ETC. (IMPRINT) | |
| Place of publication | Kozhikkode : |
| Name of publisher | Chandrika Press , |
| Year of publication | 1953. |
| 300 ## - PHYSICAL DESCRIPTION | |
| Number of Pages | 90 ; . |
| 942 ## - ADDED ENTRY ELEMENTS (KOHA) | |
| Koha item type | Books |
| Withdrawn status | Lost status | Damaged status | Home library | Current library | Date acquired | Full call number | Accession Number | Koha item type | Public note |
|---|---|---|---|---|---|---|---|---|---|
| Withdrawn | KAUAET | KAUAET | 07/04/2012 | 894.812301 | 1687 | Books | Deleted |
